| 000 | 01657cam a2200373 a 4500 | ||
|---|---|---|---|
| 001 | EDZ0000085207 | ||
| 003 | StDuBDS | ||
| 005 | 20161031105151.0 | ||
| 006 | m||||||||d|||||||| | ||
| 007 | cr ||||||||||| | ||
| 008 | 120521s2004 caua fo| 001|0|eng d | ||
| 020 |
_a9781452229751 (ebook) : _cNo price |
||
| 040 |
_aStDuBDS _beng _cStDuBDS _epn |
||
| 049 | _aAlfaisal Main Library | ||
| 050 | 0 |
_aQA135.6 _b.S42 2004 |
|
| 082 | 0 | 4 |
_a372.7044 _223 |
| 100 | 1 | _aSchiro, Michael. | |
| 245 | 1 | 0 |
_aOral storytelling & teaching mathematics _h[electronic resource] : _bpedagogical and multicultural perspectives / _cMichael Stephen Schiro ; with Doris Lawson. |
| 260 |
_aThousand Oaks, Calif. ; _aLondon : _bSAGE, _cc2004. |
||
| 300 |
_a1 online resource (xi, 268 p.) : _bill. |
||
| 504 | _aIncludes bibliographical references and index. | ||
| 520 | 8 | _aThis title provides a serious exploration of the role that oral storytelling can play in helping children learn mathematics. It should be of interest to those concerned with providing children with powerful mathematical and literary experiences and those concerned with multicultural education. | |
| 521 | _aSpecialized. | ||
| 588 | _aDescription based on print version record. | ||
| 650 | 0 |
_aMathematics _xStudy and teaching (Elementary) |
|
| 650 | 0 | _aStorytelling. | |
| 650 | 0 | _aMulticultural education. | |
| 655 | 7 |
_aElectronic books. _2local |
|
| 700 | 1 | _aLawson, Doris. | |
| 710 | 2 | _aSage eBooks | |
| 776 | 0 | 8 |
_iPrint version : _z9780761930105 |
| 856 | 4 | 0 | _uhttp://ezproxy.alfaisal.edu/login?url=http://sk.sagepub.com/books/oral-storytelling-and-teaching-mathematics |
| 942 |
_2lcc _cEBOOKS |
||
| 999 |
_c480790 _d480790 |
||